000 00407nam a22001697a 4500
003 MPLRDC
005 20220104144236.0
008 210129b ||||| |||| 00| 0 eng d
082 _a416.9 SAD
100 _a孙安迪
245 _a牙齿与口腔疾病
_c
250 _a一版一刷
260 _a
_b健康世界杂志社
_c1992
300 _b
650 _a口腔病知识
942 _cBK
_o416.9 SAD
999 _c47741
_d47731